000
00291nam a22001337a 4500
008
181203b xxu||||| |||| 00| 0 eng d
020
_a
394331060
041
_a
eng
080
_2
2nd
_a
330
100
_a
52
101
_a
EKO
245
_a
The Economy Today
_c
Schiller,B.R
942
_2
udc
_c
BK
999
_c
52745
_d
52745